| 000 | 01020nam1a22002411i 4500 | ||
|---|---|---|---|
| 001 | v19\rc\1605979 | ||
| 005 | 20260406172410.0 | ||
| 035 | _a(NLR Aleph) 005217310 | ||
| 090 |
_a5470097 _c5470097 |
||
| 100 | _a20061002d18969999|||y0rusy50 ca | ||
| 101 | 0 | _arus | |
| 102 | _aRU | ||
| 105 | _ay z ||||| | ||
| 200 | 1 | _aОтчет о деятельности Церковно-приходского попечительства при церкви св. Петра Митрополита, что на Ульянке... | |
| 210 |
_aСанкт-Петербург _d1896 |
||
| 215 | _d22 | ||
| 710 | 0 | 2 |
_aУльянкинское св. Петра Митрополита церковно-приходское попечительство _cПетерб. губ. _3RU\NLR\AUTH\889939954 _9374743 |
| 801 | 0 |
_aRU _bNLR _c20061002 _gpsbo |
|
| 801 | 0 |
_aRU _bRuMoRGB _c20061002 _2psbo |
|
| 801 | 1 |
_aRU _bProSoft-M _c20061002 _2rusmarc |
|
| 801 | 2 |
_aRU _bNLR _c20070305 _2rusmarc |
|
| 852 |
_aNLR (1892-1899) _jШифры разные |
||
| 942 | _cBOOK | ||